| 000 | 00501cam a22001934a 4500 | ||
|---|---|---|---|
| 005 | 20250605164312.0 | ||
| 008 | 250528s ||||||||||||||||||||||||d | ||
| 035 | _a22524 | ||
| 020 | _a9780333763919 | ||
| 040 |
_aGR-AtMCL _bgre _dGR-AtMCL _eAACR2 |
||
| 245 | 1 | _aA GUIDE TO UNITED KINGDOM AND EUROPEAN UNION COMPETITION POLICY | |
| 250 | _a3 | ||
| 260 |
_bMacmillan Press Ltd, _c2000 |
||
| 300 | _a181 | ||
| 700 | 1 |
_aGardner Nick _98323 |
|
| 942 | _cBK | ||
| 999 |
_c7573 _d7573 |
||